Every little helps (Record no. 110192)
[ view plain ]
| 000 -LEADER | |
|---|---|
| fixed length control field | 01118cad a22002295a 4500 |
| 001 - CONTROL NUMBER | |
| control field | E148732 |
| 008 - FIXED-LENGTH DATA ELEMENTS--GENERAL INFORMATION | |
| fixed length control field | 091028s2009 xxk f 000 0 eng d |
| 035 ## - SYSTEM CONTROL NUMBER | |
| System control number | (Sirsi) u148732 |
| 041 0# - LANGUAGE CODE | |
| Language code of text/sound track or separate title | eng |
| 050 04 - LIBRARY OF CONGRESS CALL NUMBER | |
| Classification number | 346.4104342 $2 18 |
| 100 1# - MAIN ENTRY--PERSONAL NAME | |
| Personal name | Wicks, Joanne |
| 245 00 - TITLE STATEMENT | |
| Title | Every little helps |
| Remainder of title | interim rent and apportionment |
| Medium | [electronic resource] |
| 260 ## - PUBLICATION, DISTRIBUTION, ETC. | |
| Place of publication, distribution, etc. | [S.l.] |
| Name of publisher, distributor, etc. | Property Litigation Association |
| Date of publication, distribution, etc. | 2009 |
| 490 #0 - SERIES STATEMENT | |
| Series statement | Wilberforce Chambers Case Study |
| 520 ## - SUMMARY, ETC. | |
| Summary, etc. | Looks at a scenario where business premises are let under the Landlord and Tenant Act 1954, and rent is payable quarterly in advance. A notice is served by the landlord to terminate the tenancy, and the tenant applies for a new tenancy. The tenancy is then terminated by the tenant two days into a new quarter. Does the tenant have to pay the full quarter's rent, or only two day's rent? |
| 521 ## - TARGET AUDIENCE NOTE | |
| Target audience note | Advanced |
| 590 ## - LOCAL NOTE (RLIN) | |
| Local note | KA |
| 651 #4 - SUBJECT ADDED ENTRY--GEOGRAPHIC NAME | |
| Geographic name | England and Wales |
| Chronological subdivision | 1543- |
| 690 ## - LOCAL SUBJECT ADDED ENTRY--TOPICAL TERM (OCLC, RLIN) | |
| Topical term or geographic name as entry element | Landlord and tenant |
| 9 (RLIN) | 6252 |
| 856 40 - ELECTRONIC LOCATION AND ACCESS | |
| Uniform Resource Identifier | <a href="https://www.pla.org.uk/library/wilberforce_case_studies">https://www.pla.org.uk/library/wilberforce_case_studies</a> |
| Public note | View the item free of charge at www.pla.org.uk... |
| 942 ## - ADDED ENTRY ELEMENTS (KOHA) | |
| Suppress in OPAC | 0 |
| Withdrawn status | Lost status | Source of classification or shelving scheme | Damaged status | Not for loan | Home library | Current library | Shelving location | Date acquired | Total Checkouts | Full call number | Barcode | Date last seen | Copy number | Price effective from | Koha item type |
|---|---|---|---|---|---|---|---|---|---|---|---|---|---|---|---|
| Dewey Decimal Classification | Virtual | Virtual | Online | 28/10/2009 | ONLINE PUBLICATION | 148732-2001 | 06/08/2019 | 1 | 06/08/2019 | Book |